[Event "12th A.Margaryan Memorial 2022"]
[Site "Yerevan"]
[Date "2022.01.19"]
[Round "9.1"]
[White "Sturua, Zurab"]
[Black "Makarian, Rudik"]
[Result "1-0"]
[WhiteElo "2529"]
[BlackElo "2509"]
[Annotator "TA"]
[PlyCount "113"]
[EventDate "2022.01.09"]
[EventType "tourn"]
[EventCountry "ARM"]

{[%evp 20,113,16,0,0,6,0,6,29,0,0,0,0,0,0,-38,-37,-33,62,54,66,49,49,52,117,96,93,96,103,69,81,66,70,60,97,100,99,91,112,87,85,87,129,121,122,131,129,113,136,105,102,91,93,86,92,83,85,85,85,85,85,31,29,0,0,0,0,0,0,0,0,0,0,0,0,0,12,0,2424,2014,1902,1620,1423,1196,29971,29973,29973,29974,29974,29975,29975,29976,29976,29977,29980,29981]} 1. c4 e6 2. Nc3 d5 3. d4 Nf6 4. cxd5 exd5 5. Bg5 c6 6. e3 h6 7. Bh4 Be7 8. Bd3 O-O 9. Qc2 Re8 10. Nge2 Nbd7 11. f3 b5 {is more profitable than 11...c5 at the moment. D36: Queen's Gambit Declined: Exchange Variation: Main line (5 Bg5 c6 6 Qc2).} 12. O-O Nb6 13. Rae1 Nc4 {[#] The position is equal.} 14. Bxc4 $146 ({Predecessor:} 14. Bf2 Qa5 15. a3 Rb8 16. h3 b4 17. axb4 Qxb4 18. Ra1 Qxb2 19. Qa4 Rb4 20. Qxa7 {½-½ (63) Mosconi,T-Brudnak,J (2061) ICCF email 2012}) 14... dxc4 15. e4 b4 16. Na4 Qa5 17. Bf2 Ba6 $1 18. Nc5 {Prevents Nd7.} Bb5 (18... Qxa2 $2 19. Ra1 Qxa1 20. Rxa1 $18) (18... Bxc5 $15 19. dxc5 Nd7) 19. a4 $14 bxa3 20. Ra1 $1 Bxc5 21. dxc5 Ba4 (21... Rad8 $14) 22. Qc1 ({Of course not} 22. Qxc4 $6 Qb5 23. b3 Bxb3 24. Qxb5 cxb5 $11) 22... axb2 23. Qxb2 {[#] And now Qa2 would win.} Qb5 24. Qa3 Bb3 25. Nd4 Qb7 26. Qa6 Qxa6 27. Rxa6 Nd7 28. Nxc6 ({But not} 28. Rxc6 Rec8 $11) 28... Rac8 29. Rxa7 {White is more active.} Rxc6 30. Rxd7 Ra8 ({Black should try} 30... c3) 31. Rc1 $16 Ra2 32. Rb7 Rc8 33. Rb6 Rd2 34. Kf1 Bc2 35. Be3 c3 36. c6 {[%cal Bc5c6,Bc6c7][%mdl 32]} ({Worse is} 36. Bxd2 cxd2 37. Ra1 d1=Q+ 38. Rxd1 Bxd1 $17) 36... Bd3+ 37. Kg1 Re2 {[#]} 38. Rxc3 $1 Rxe3 39. c7 {[%cal Oc3d3] Threatens to win with Rxd3!} Kh7 40. h4 ({White should play} 40. Rb8 $16 Re1+ 41. Kf2 Re2+ 42. Kg3) 40... Re1+ $14 41. Kf2 (41. Kh2 $5 {[%cal Rb6b8]}) 41... Rb1 42. Rxb1 Bxb1 $11 {[%mdl 4096] Endgame KRB-KR} 43. Ke3 Ba2 44. Kd4 Be6 45. g4 g5 46. hxg5 hxg5 47. Rc6 Bd7 48. Kc5 {[%mdl 1024] White has compensation.} Ra8 $2 {[%mdl 8192]} (48... Kg7 $11 49. Kd6 Bxc6 50. Kxc6 Kf8) 49. Rd6 $18 Bc8 50. Rd8 Kg7 51. e5 Ra1 52. Rxc8 {White mates.} Rc1+ 53. Kd6 Rd1+ 54. Ke7 Rc1 55. e6 fxe6 56. Kxe6 Rc3 57. Re8 {Weighted Error Value: White=0.08 (flawless) /Black=0.26 (precise)} 1-0

[Event "12th A.Margaryan Memorial 2022"]
[Site "Yerevan"]
[Date "2022.01.19"]
[Round "9.2"]
[White "Ohanyan, Emin"]
[Black "Hayrapetyan, Hovik"]
[Result "1-0"]
[WhiteElo "2373"]
[BlackElo "2499"]
[Annotator "TA"]
[PlyCount "57"]
[EventDate "2022.01.09"]
[EventType "tourn"]
[EventCountry "ARM"]

{[%evp 9,57,12,9,11,57,56,68,52,79,62,89,38,75,78,92,85,90,87,95,0,-7,-4,7,16,10,0,46,25,68,52,64,64,72,54,166,161,166,160,364,368,354,359,345,347,1303,1287,29987,29988,29988,29989]} 1. d4 Nf6 2. c4 e6 3. Nf3 d5 4. Nc3 c6 5. Bg5 h6 6. Bxf6 {D43: Semi-Slav: 5 Bg5 h6.} gxf6 (6... Qxf6 $11 7. e3 Qd8) 7. e3 $14 Nd7 8. Bd3 {White is slightly better.} a6 {[#]} 9. O-O $146 {White is more active.} ({Predecessor:} 9. a4 Bd6 10. e4 dxc4 11. Bxc4 Qa5 12. d5 cxd5 13. exd5 e5 14. O-O f5 15. Nh4 {½-½ (48) Kahn,E (2250)-Molnar,J (2196) Hungary 2017}) 9... f5 10. Ne2 (10. c5 $16) 10... Bd6 11. c5 Bc7 12. b4 Nf6 13. Nf4 Ne4 14. Bxe4 ({White should try} 14. a4 $16) 14... fxe4 $11 15. Ne5 Bxe5 16. dxe5 Qg5 17. Qh5 Rg8 (17... a5 $11) 18. f3 $14 exf3 (18... a5 $11 {is more appropriate.}) 19. Rxf3 {[#] Hoping for Rg3.} Qxh5 20. Nxh5 {aiming for Nf6+.} Rg5 {[%csl LRe5,LRh5]} 21. Nf6+ Ke7 (21... Kd8 $14) 22. Raf1 a5 23. h4 Rg6 (23... Rxe5 $16 24. Ng8+ Kf8 25. Nxh6 f5) 24. Nh5 $18 f5 25. exf6+ {[%cal Be5f6,Bf6f7][%mdl 32]} Kf7 26. Nf4 Rg8 (26... Rxf6 27. Nxd5 Rxf3 28. Rxf3+ Kg8) 27. Nd3 {[#] Intending Ne5+ and mate.} axb4 28. Ne5+ Kf8 29. f7 {Weighted Error Value: White=0.13 (very precise) /Black=0.48} 1-0

[Event "12th A.Margaryan Memorial 2022"]
[Site "Yerevan"]
[Date "2022.01.19"]
[Round "9.3"]
[White "Alavi, Sayed Javad"]
[Black "Danielyan, Vahe"]
[Result "1-0"]
[WhiteElo "2455"]
[BlackElo "2332"]
[Annotator "TA"]
[PlyCount "55"]
[EventDate "2022.01.09"]
[EventType "tourn"]
[EventCountry "ARM"]

{[%evp 16,55,7,6,22,11,14,18,47,18,21,27,30,15,5,0,0,7,60,52,53,20,29,12,11,5,106,100,105,98,108,102,98,100,116,114,212,213,216,216,862,853]} 1. d4 Nf6 2. Nf3 g6 3. c4 Bg7 4. g3 b6 5. Bg2 Bb7 6. O-O O-O 7. Nc3 Ne4 8. Nxe4 Bxe4 9. Be3 d5 {A50: Queen's Fianchetto Defence (1 d4 Nf6 2 c4 b6).} 10. Rc1 Nc6 11. Qd2 {[#]} Re8 $146 {The position is equal.} ({Predecessor:} 11... dxc4 12. Rxc4 Na5 13. Rcc1 Rc8 14. b4 Nb7 15. Rfd1 e6 16. Bf1 a5 17. a3 axb4 18. axb4 {1-0 (71) Bu,X (2675)-Vachier Lagrave,M (2722) Khanty-Mansiysk 2011}) 12. b3 a5 13. Rfd1 a4 14. Ne1 {[%cal Bf3e1,Be1g2,Bg2f4][%mdl 32]} (14. Bh6 {is more complex.} Bf6 15. Qe3 Ra5 16. h4 e6 17. Bg5) 14... Bxg2 15. Nxg2 axb3 16. axb3 Ra3 ({Better is} 16... dxc4 $11 17. bxc4 e5) 17. cxd5 $14 Qxd5 18. Qc3 Na5 {[%cal Oc7c5]} 19. Qxc7 Nxb3 20. Nf4 $36 {[%mdl 2048] Black is under pressure.} Qb5 (20... Qd8 $11) 21. Rb1 $16 e5 {[#]} 22. dxe5 Bxe5 23. Qxb6 Qxb6 24. Bxb6 {Strongly threatening Rd3.} Bxf4 25. gxf4 {And now Rd3 would win.} Rxe2 (25... Na5 $16 26. Rbc1 Ra4) 26. Rd8+ $18 Kg7 {[#]} 27. Rd3 Nd2 (27... Re4 28. Rdxb3 Rxb3 29. Rxb3 Rxf4) 28. Bd4+ {Weighted Error Value: White=0.07 (flawless) /Black=0.34} 1-0

[Event "12th A.Margaryan Memorial 2022"]
[Site "Yerevan"]
[Date "2022.01.19"]
[Round "9.4"]
[White "Petrov, Nikita"]
[Black "Lobanov, Sergei"]
[Result "1/2-1/2"]
[WhiteElo "2558"]
[BlackElo "2512"]
[Annotator "TA"]
[PlyCount "41"]
[EventDate "2022.01.09"]
[EventType "tourn"]
[EventCountry "ARM"]

{[%evp 12,41,0,12,18,5,1,0,0,0,0,0,0,0,0,0,0,0,0,0,0,0,0,-5,-13,0,0,0,0,0,0,-3]} 1. d4 d5 2. c4 c6 3. Nf3 Nf6 4. Nc3 e6 5. g3 dxc4 6. Bg2 b5 7. Ne5 {[%cal Oc3b5] The position is equal.} a6 {[%cal Ba7a6,Ba6a5][%mdl 32] E04: Open Catalan: 5 Nf3.} 8. O-O Bb7 $1 9. b3 b4 10. Ne4 $1 {[%mdl 4] outshines the older 10.Na4.} Nxe4 11. Bxe4 c3 12. a3 a5 $1 13. Qd3 Bd6 14. Bf4 $1 g5 15. Be3 f5 16. Bxf5 {[%cal Of5g6]} Bxe5 {[#]} 17. dxe5 $146 {[%cal Of5g6] [#] Hoping for Bg6+!} ({Predecessor:} 17. Bxe6 Qf6 18. axb4 Qxe6 19. dxe5 Ba6 20. Qxc3 Bxe2 21. Rfe1 Bf3 22. Bxg5 O-O 23. Bf6 {½-½ (31) Vinchev,S (2481)-Copar,A (2527) GER email 2018}) 17... exf5 18. Qxf5 Bc8 19. e6 {[%csl Ge6][%cal Rf5f7]} Qe7 {[%csl LRa3,LRe6] Prevents Qf7+.} 20. axb4 {aiming for Qe5.} Bxe6 21. Qe5 {An even fight not without its subleties.  Weighted Error Value: White=0.01 (flawless) /Black=0.00 (flawless)} 1/2-1/2